| Virtuální polytechnická knihovna - Souborný katalog - Úplný záznam dokumentu - MARC |
Uživatel: --- |
-----nas 22-----zu 4500
001 SKVPK0031896
003 CZ-VPK
005 20260423132715.0
008 260423d19581969||||| | ||| || |||||||
022 $a0550-3612
040 $aABA013$bcze
222 0$aNukleonik
245 00$aNukleonik
260 $aNěmecko :$bBerlin : Springer,,$c1958-1969
650 07$afyzika$xfy$2psh
910 $aABA013$r1958-1969
| čtvrtek 14.05.2026 01:20:26 |
© 2001-2015 Národní technická knihovna |
[Virtuální polytechnická knihovna]
[Servisní centrum]
[Souborný katalog]